000 00537 a2200181 4500
005 20240501152723.0
010 _aENG-140253
020 _a9788195664232
_c250.00
035 _aEN-123785
037 _bDBAD
082 1 4 _a881
100 1 _aJaywant, Sheela
_965376
245 1 _aThe First Book of Indlish Poems/
_cBy Sheela Jaywant
260 _aKolkata
_bWriters Workshop
_c2022
270 _a162/42, Lake Gardens,
_bCalcutta - 700 045
_cWest Bengal
300 _a65p.
_c22cm(Hb)
942 _adpl
_cEN
_2ddc
_h881
_mJAY
999 _c202489
_d202489